UBT Library

The paperless medical office : (Record no. 42837)

000 -LEADER
fixed length control field 00871cam a2200289 i 4500
001 - CONTROL NUMBER
control field 18014573
005 - DATE AND TIME OF LATEST TRANSACTION
control field 20180216082917.0
008 - FIXED-LENGTH DATA ELEMENTS--GENERAL INFORMATION
fixed length control field 140121s2015 ctua 001 0 eng c
010 ## - LIBRARY OF CONGRESS CONTROL NUMBER
LC control number 2014931294
016 7# - NATIONAL BIBLIOGRAPHIC AGENCY CONTROL NUMBER
Record control number 101635801
Source DNLM
020 ## - INTERNATIONAL STANDARD BOOK NUMBER
International Standard Book Number 9781133278955
020 ## - INTERNATIONAL STANDARD BOOK NUMBER
International Standard Book Number 1133278957
035 ## - SYSTEM CONTROL NUMBER
System control number (OCoLC)ocn880368565
040 ## - CATALOGING SOURCE
Original cataloging agency NLM
Language of cataloging eng
Transcribing agency NLM
Description conventions rda
Modifying agency YDXCP
-- DLC
041 ## - LANGUAGE CODE
Language code of text/sound track or separate title eng
042 ## - AUTHENTICATION CODE
Authentication code pcc
060 00 - NATIONAL LIBRARY OF MEDICINE CALL NUMBER
Classification number 2014 H-308
060 10 - NATIONAL LIBRARY OF MEDICINE CALL NUMBER
Classification number W 18.2
080 ## - UNIVERSAL DECIMAL CLASSIFICATION NUMBER
Universal Decimal Classification number 610.285 bus
082 00 - DEWEY DECIMAL CLASSIFICATION NUMBER
Classification number 610.285 bus
Edition number 23
100 1# - Rafti
Rafti 4
101 ## - Shkurtesa
Shkurtesa shm
245 14 - TITLE STATEMENT
Title The paperless medical office :
Statement of responsibility, etc Virginia Busey Ferrari, Michelle E. Heller.
906 ## - LOCAL DATA ELEMENT F, LDF (RLIN)
a 7
b cbc
c pccadap
d 2
e ncip
f 20
g y-gencatlg
942 ## - ADDED ENTRY ELEMENTS (KOHA)
Source of classification or shelving scheme
Item type Books
Holdings
Withdrawn status Lost status Source of classification or shelving scheme Damaged status Not for loan Collection code Permanent location Current location Shelving location Date acquired Total Checkouts Full call number Barcode Date last seen Price effective from Koha item type
          Koleksioni i përgjithshem UBT - Lipjan UBT - Lipjan Koleksioni i përgjithshem 02/16/2018   610.285 bus 002-2998367 02/16/2018 02/16/2018 Books
          Koleksioni i përgjithshem UBT - Lipjan UBT - Lipjan Koleksioni i përgjithshem 02/16/2018   610.285 bus 002-2998372 02/16/2018 02/16/2018 Books
UBT Library © 2015-2024. All rights reserved University Education for Business and Technology